Quiz about JJ - Statistics

General Stats
  • This quiz has been taken 15 times
  • The average score is 10 of 15
Answer Stats
Question Answer % Correct
Jak nazywa się JJ? Johannes Pietsch
100%
Perwsza pioenka JJ'a- Wasted love
92%
Kim jest jego matka? Filipinką
85%
Wen you let me go... I barely stayed afloat
85%
Kiedy urodził się JJ? 29 kwietnia 2001r.
77%
Który konkurs eurowizji wygrał JJ? 69
77%
Na jakim kanale została wydana piosenka? Eurovision song contest
77%
I'm an ocean of love. And you're scared of water.... You don't want to go under
77%
Ile punktów zdobyła piosenka JJ'a? 436
69%
Jakie jest ulubione Polskie danie JJ'a? Gołąbki
69%
Gdzie urodził się JJ? Austria-Wiedeń
62%
Gdzie dorastał JJ? W Dubaju
62%
Na kim z Eurowizji 2025 JJ ma obsesję? Justyna Steczkowska
46%
Kiedy zostało wydane Wasted Love? 6 marca 2025r.
31%
Kiedy został wydany teledysk do tej piosenki? Wraz z wyjściem utworu
23%
No matching quizzes found
Score Distribution
Percent of People with Each Score
Percentile by Number Answered
Your Score History
You have not taken this quiz